My Friends Call Me... II Quiz Stats

Quiz Updated Dec 14, 2015

Challenge
Share
Tweet
Embed
Score 0/25 Timer 06:00
0 Plays Today
% Correct
John
86.5%
Cha Cha
84.6%
Baby
82.9%
Dude
81.7%
Lotso
78.4%
Eliza
76.9%
Lenny
66.7%
Nameless
59.9%
Virus
58.2%
Glass
56.8%
Joker
47.7%
L.S.D.
47.3%
Janey
46.7%
% Correct
Wheels
44.9%
Tim
44.2%
Whitey
42.9%
Hook
41.8%
Wladek
37.6%
Psycho
36.1%
Raelettes
31%
Anya
30.3%
Napster
29.6%
Totty
22.9%
Goodkat
19.4%
Fingerling
12.8%

You're not logged in!

Compare scores with friends on all Sporcle quizzes.
Sign Up with Email
OR
Log In

You Might Also Like...

Show Comments

Extras

Top Quizzes Today


Score Distribution

Your Account Isn't Verified!

In order to create a playlist on Sporcle, you need to verify the email address you used during registration. Go to your Sporcle Settings to finish the process.